The graduate school guide to the preparation of master,s theses and doctoral dissertations (Record no. 541491)
[ view plain ]
| 000 -LEADER | |
|---|---|
| fixed length control field | 00454nam a22001337a 4500 |
| 082 ## - DEWEY DECIMAL CLASSIFICATION NUMBER | |
| Classification number | 001.4 |
| Author Mark | All |
| -- | 39 p,29 |
| 100 ## - MAIN ENTRY--PERSONAL NAME | |
| Personal name | Allison, Cathie A. |
| 9 (RLIN) | 36428 |
| 245 ## - TITLE STATEMENT | |
| Title | The graduate school guide to the preparation of master,s theses and doctoral dissertations |
| Statement of responsibility, etc. | Allison, Cathie A. |
| 260 ## - PUBLICATION, DISTRIBUTION, ETC. | |
| Place of publication, distribution, etc. | USA |
| Name of publisher, distributor, etc. | Michigan State University |
| Date of publication, distribution, etc. | 1996 |
| 300 ## - PHYSICAL DESCRIPTION | |
| Extent | viii ; 432 p. |
| Other physical details | :ill |
| Dimensions | 28 |
| 526 ## - STUDY PROGRAM INFORMATION NOTE | |
| Program name | 0 |
| Interest level | 0 |
| Reading level | 0 |
| Title point value | 001_400000000000000_ALL |
| 650 ## - SUBJECT ADDED ENTRY--TOPICAL TERM | |
| Topical term or geographic name entry element | MCE |
| 9 (RLIN) | 379 |
| 942 ## - ADDED ENTRY ELEMENTS (KOHA) | |
| Source of classification or shelving scheme | |
| Koha item type | Book |
| Withdrawn status | Lost status | Source of classification or shelving scheme | Damaged status | Not for loan | Permanent Location | Current Location | Date acquired | Total Checkouts | Full call number | Barcode | Date last seen | Price effective from | Koha item type |
|---|---|---|---|---|---|---|---|---|---|---|---|---|---|
| Military College of Engineering (MCE) | Military College of Engineering (MCE) | 08/01/2013 | 001.4 All | MCE-41284 | 08/01/2013 | 08/01/2013 | Book |
